|
|
|
|
| LEADER |
00000cab a2200000 4500 |
| 001 |
vtls011521522 |
| 003 |
SK-MaSNL |
| 005 |
20260303221331.0 |
| 008 |
230704|1956 xo |||||||||||||||||slo| |
| 015 |
|
|
|a SNBRB
|
| 035 |
|
|
|a (urnnbn)urn:nbn:sk:snk:ar-0022sf
|
| 035 |
|
|
|a (uuid)59cf13a8-9bf1-485c-b6ad-29fc7bb13867
|
| 035 |
|
|
|a urn:nbn:sk:snk-abe9qo
|
| 040 |
|
|
|a SNKBUCL
|b slo
|c SNKBUCL
|e AACR2
|
| 041 |
0 |
|
|a slo
|
| 044 |
|
|
|a xo
|c SK
|
| 080 |
|
|
|a 821.162.4-1
|2 2011
|
| 100 |
1 |
|
|a Mojík, Ivan,
|d 1928-2007
|4 aut
|9 13383
|
| 245 |
1 |
0 |
|a Milan Kraus: Lístok za listom.
|c Ivan Mojík
|
| 650 |
0 |
7 |
|a slovenská poézia
|2 SNKPH
|9 215422
|
| 650 |
0 |
7 |
|a básnické zbierky
|2 SNKPH
|9 131165
|
| 655 |
|
7 |
|a slovenská poézia
|2 SNKPH
|9 70444
|
| 655 |
|
7 |
|a recenzie
|2 SNKPH
|9 21907
|
| 773 |
0 |
|
|t Slovenské pohľady
|g Roč. 72, č. 5 - 6 (1956), s. 604-606
|
| 787 |
0 |
8 |
|i Recenzia:
|a Kraus, Milan,
|t Lístok za listom
|d Bratislava: Slovenský spisovateľ, 1955
|
| 850 |
|
|
|a Slovenská národná knižnica
|
| 852 |
|
|
|a Slovenská národná knižnica
|
| 954 |
|
|
|a odborná, vedecká literatúra pôvodná (slovenská)
|2 lita
|
| 958 |
|
|
|a RC
|
| 958 |
|
|
|a LX
|
| 958 |
|
|
|a BX
|
| 958 |
|
|
|a OND
|
| 958 |
|
|
|a EUIPO
|
| 958 |
|
|
|a article21
|
| 999 |
|
|
|c 2233113
|d 2235043
|